| 000 | 00708nam a2200205 i 4500 | ||
|---|---|---|---|
| 001 | 30981 | ||
| 003 | ES-MaACL | ||
| 005 | 20251213063015.0 | ||
| 007 | t| | ||
| 008 | 030128s1940 sp |||| |bspa d | ||
| 100 | 1 |
_aBelloc, Hilaire, _d1870-1953 _927250 |
|
| 245 | 1 | 0 |
_aCarlos I _b: Rey de Inglaterra / _cHilaire Belloc ; versión española de Editorial Juventud. |
| 260 |
_aMadrid : _bJuventud, _c1940 ( _fTall. Gráf. de la S.G. de P.) |
||
| 300 |
_a288 p. ; _c22 cm. |
||
| 600 | 0 | 7 |
_aCarlos _bI, _cRey de Inglaterra _2 _9156797 |
| 651 | 4 |
_aGran Bretaña- _xHistoria- _y1625-1649, Carlos I. _98754 |
|
| 710 | 2 |
_aEditorial Juventud. _93443 |
|
| 852 |
_aES-MaACL _jF-15223 |
||
| 999 |
_c30981 _d30981 |
||